header

Service-ability (Record no. 71507)

MARC details
000 -LEADER
fixed length control field 01076nam a2200277 a 4500
100 1# - MAIN ENTRY--AUTHOR NAME
Personal name Robson, Kevin.
245 10 - TITLE STATEMENT
Title Service-ability
260 ## - PUBLICATION, DISTRIBUTION, ETC. (IMPRINT)
Place of publication Chichester :
Name of publisher Wiley,
Year of publication 2013.
300 ## - PHYSICAL DESCRIPTION
Number of Pages xvi, 261 p.
500 ## - GENERAL NOTE
General note Includes index.
650 #0 - SUBJECT ADDED ENTRY--TOPICAL TERM
Topical Term Customer services.
856 40 - ELECTRONIC LOCATION AND ACCESS
Uniform Resource Identifier http://site.ebrary.com/lib/rucke/Doc?id=10630565

No items available.

© 2026 Rongo University
Contact us: librarian | system librarian | Rongo university